000 nam a22 7a 4500
999 _c23133
_d23133
008 170125b xxu||||| |||| 00| 0 eng d
020 _a9780195021578
050 _aPE1404
_b.S5 1977
100 _aShaughnessy, Mina P.
245 _aErrors and expectations :
_ba guide for the teacher of basic writing /
_cMina P. Shaughnessy
260 _aNew York :
_bOxford University Press,
_c1977.
300 _aviii, 311p . :
_c24cm.
500 _aincludes index.
942 _2lcc
_cBOOKS
_hPE1404 .S5 1977